Carregant...

Analytical Biotechnology

Presents a set of technologies that provide tools for genomics, proteomics, metabolomics, drug discovery, screening, and analysis of biomolecules such as DNA, proteins, and small metabolites. This book aims to apply advanced automation and microfabrication technology to the development of biosensor...

Descripció completa

Dades bibliogràfiques
Autor principal: Schalkhammer, Thomas G. M; Ed
Format: Printed Book
Publicat: Boston Birkhauser Verlag 2002
Col·lecció:Methods and tools in biosciences and medicine.
Matèries:
Accés en línia:http://classify.oclc.org/classify2/ClassifyDemo?owi=56828454
LEADER 01018nam a2200181 4500
999 |c 154172  |d 154168 
020 |a 9788181281975 
082 |a 660.6 SCH/A 
100 |a Schalkhammer, Thomas G. M; Ed.  |9 65286 
245 |a  Analytical Biotechnology 
260 |a Boston  |b Birkhauser Verlag  |c 2002 
300 |a 329p. 
490 |a Methods and tools in biosciences and medicine. 
520 |a Presents a set of technologies that provide tools for genomics, proteomics, metabolomics, drug discovery, screening, and analysis of biomolecules such as DNA, proteins, and small metabolites. This book aims to apply advanced automation and microfabrication technology to the development of biosensor devices as well as integrated systems. 
650 |a Analytical biotechnology-- Biotechnology -- methods.   |9 65289 
856 |u  http://classify.oclc.org/classify2/ClassifyDemo?owi=56828454 
942 |c BK 
952 |0 0  |1 0  |4 0  |6 660_600000000000000_SCH_A  |7 0  |9 152889  |a SBS  |b SBS  |d 2017-10-25  |l 0  |o 660.6 SCH/A  |p SBS1239  |r 2017-10-25  |w 2017-10-25  |y BK